| 000 | 00475nam a2200169 a 4500 | ||
|---|---|---|---|
| 005 | 20140412111313.0 | ||
| 008 | 010320s19uu xx 00 eng d | ||
| 020 | _a1-85627-508-6 | ||
| 050 |
_aER _bTe228 1994 |
||
| 100 | _aMaclean, Colin and Moira | ||
| 245 |
_aThe Teddy bears go for a walk / _cColin and Moira Maclean. |
||
| 260 |
_aLondon : _bBinky Books. |
||
| 300 | _a1 v. (unp.) ; ill. | ||
| 650 | _aBears - Stories | ||
| 650 | _aBears - Fiction | ||
| 999 |
_c104113 _d104113 |
||